000 00588cam a22002053a 4500
001 40798
003 PGUSA
005 20140828083918.0
008 120918s2012||||xxu|||||s|||||000 | eng d
040 _aPGUSA
_beng
042 _adc
100 1 _aLindsay, Thomas M.
245 1 2 _aA History of the Reformation (Vol. 2 of 2)
_h[electronic resource] /
_cThomas M. Lindsay
260 _bProject Gutenberg,
_c2012
506 _aPublic domain in the USA.
516 _aElectronic text
830 0 _aProject Gutenberg
_v40798
856 4 0 _uhttp://www.gutenberg.org/ebooks/40798
942 _cEB
999 _c270050
_d270050